Quizzes
Events
Quiz Creation
Community
Videos
Private Events
Remove Ads
Sign In
Join for FREE
Feedback
Dark Mode
Quiz Categories
Sports
Geography
Music
Movies
Television
Just For Fun
Miscellaneous
History
Literature
Language
Science
Gaming
Entertainment
Religion
Holiday
For Kids
Quiz Lab
Recent
Popular Today
Quiz Kudos Today
Editor Picks
Curator Picks
Quizzes by...
Day
Popularity
Type
Ratings
Length
Year
Community
Subscriptions
Recent Discussions
Orange Saloon
Badges
Playlists
Quests
Create
Leaderboards
Showdown
Live 5
Trivia Bingo
Activity
Puzzle Library
Sporcle Events
Private Events
Virtual Trivia
Globe League
Become a Host
Pub Owners
SporcleCon
Opinionation
Our Games
Videos
Blog
Mobile Apps
Partnerships
Remove Ads and Go Orange
Feedback
Sports
Athletes
MLB
NBA
NHL
NFL
Soccer
Sports Teams
WWE
NCAA
Football
Premier League
Basketball
Baseball
Hockey
Golf
Tennis
Cricket
Rugby
Auto Racing
Olympics
World Cup
Sports
Athletes
MLB
NBA
NHL
NFL
Soccer
Sports Teams
WWE
NCAA
Football
Premier League
Basketball
Baseball
Hockey
Golf
Tennis
Cricket
Rugby
Auto Racing
Olympics
World Cup
Random Quiz
Search Sporcle
×
Quiz Lab
Quiz Lab
Sports
Mr Olympia
Type in answers that appear in a list
Type in answers that appear in a list
Classic
Best Score? Go Orange.
Mr Olympia Winners Bodybuilding Stats
Can you name the Mr Olympia Winners Bodybuilding?
By
cratis25
10m
46 Questions
965 Plays
965 Plays
965 Plays
Comments
Comments
Give Quiz Kudos
Give Quiz Kudos
-
- Ratings
hide this ad
Replay
Link that replays current quiz
Next Quiz
Link to next quiz in quiz playlist
You Got
0%
They Got
Avg Score
80%
Avg Friend Score
Upgrade to see
Score Distribution
Jump to the score distribution portion of the page
Score
0/46
Timer
10:00
0
Plays Today
Year
Name
% Correct
1970
Arnold Schwarzenegger
97.9%
1971
Arnold Schwarzenegger
97.9%
1972
Arnold Schwarzenegger
97.9%
1973
Arnold Schwarzenegger
97.9%
1974
Arnold Schwarzenegger
97.9%
1975
Arnold Schwarzenegger
97.9%
1980
Arnold Schwarzenegger
97.9%
1998
Ronnie Coleman
95.3%
1999
Ronnie Coleman
95.3%
2000
Ronnie Coleman
95.3%
2001
Ronnie Coleman
95.3%
2002
Ronnie Coleman
95.3%
2003
Ronnie Coleman
95.3%
2004
Ronnie Coleman
95.3%
2005
Ronnie Coleman
95.3%
2006
Jay Cutler
93%
2007
Jay Cutler
93%
2009
Jay Cutler
93%
2010
Jay Cutler
93%
1992
Dorian Yates
82.9%
1993
Dorian Yates
82.9%
1994
Dorian Yates
82.9%
1995
Dorian Yates
82.9%
Year
Name
% Correct
1996
Dorian Yates
82.9%
1997
Dorian Yates
82.9%
1984
Lee Haney
73.7%
1985
Lee Haney
73.7%
1986
Lee Haney
73.7%
1987
Lee Haney
73.7%
1988
Lee Haney
73.7%
1989
Lee Haney
73.7%
1990
Lee Haney
73.7%
1991
Lee Haney
73.7%
2008
Dexter Jackson
72.6%
1977
Frank Zane
72.1%
1978
Frank Zane
72.1%
1979
Frank Zane
72.1%
1967
Sergio Oliva
62.8%
1968
Sergio Oliva
62.8%
1969
Sergio Oliva
62.8%
1976
Franco Columbu
61.2%
1981
Franco Columbu
61.2%
1965
Larry Scott
52.4%
1966
Larry Scott
52.4%
1982
Chris Dickerson
44.3%
1983
Samir Bannout
43.4%
Quiz Playlist
Details
Report
Send in Message
Add To Playlist
Classic:
Type in answers that appear in a list
Last Updated: Feb 16, 2017
Quiz Scoreboard
CHALLENGE
Sign Up to Join the Scoreboard
Show All
Scores
Hide
Comments
May contain spoilers
Recently Published
1-10 Letter E Words III
by El_Dandy
Language
2m
One Thing in Common: World Cities II
by knightlancer
Geography
7m
Popular People in 1961
by mucciniale
History
6m
More to Explore
Quiz From the Vault
Featured Blog Post
Where Did the Easter Bunny Come From?
hide this ad
You Might Also Like...
Tags
Mr Olympia
Olympia
Winner
Today's Top Quizzes in Sports
Browse Sports
hide this ad
Top Contributed Quizzes in Sports
1
2022 World Cup Stars
2
Les entraîneurs de l'OM et du PSG au 21e siècle
3
FIFA Club World Cup Champions
4
Criteria MLB: Left Handed Sluggers
5
Les meilleurs buteurs des matchs entre le PSG et l’OM
6
Name the Premier League winners with different clubs
7
Players with Multiple 50 Home Run Seasons
8
MLB Players with Two .350 Batting Average Seasons
9
La finale Lions - Afrique du Sud 2021
10
MLB Hall of Famer by Rings
Explore More
Trending Topics
NBA
Crossword
Anime
Disney
Marvel
Harry Potter
Kpop
NFL
The Office
Song
Puzzle
WWE
Country
Soccer
Pokémon
hide this ad
More By:
cratis25
Quiz
Plays
Rating
Category
Featured
Created
Mr Olympia Winners Bodybuilding
965
4.00
Sports
May 2, 2011
Go to Creator's Profile
Score Distribution
Quiz Creator Spotlight
cratis25
Follow
Send a Message
Quizzes Created
-
Created Quiz Play Count
-
More By This Creator
Popular Quizzes Today
1
Find the US States - No Outlines Minefield
2
The Countries of the World
3
Popular People in 1961
4
Find the Countries of Europe - No Outlines Minefield
5
1-10 Letter E Words III
6
Find the US States
7
One Thing in Common: World Cities II
8
US States
More Sports Quizzes
Alphabet Image Soup: Women Athletes
Quiz Lab
Trending Quizzes
1-10 Letter F Words
1-10 Letter G Words
Risky Map Clicking: Next State Alphabetically
1-10 Letter F Words II
Risky Map Clicking: States by Unique Starting Letters
Recently Updated
Leaping Animals
pecheneg
Reality TV Shows (A-Z)
bhenderson79
Rickey Henderson's Hall of Fame Teammates
pecheneg
Champions League XIs: Arsenal
pecheneg
Quick Pick: Celebrities in WWE's Hall of Fame
aduchscher
A-Z Keypad Blitz II
pecheneg
Multiple Oscar Actors
pecheneg
Mystery Phrase Blitz: Oscar 'Best Actors'
pecheneg
F. Scott Fitzgerald Novels
LTH
Pick 3 Villains
ddd62291
Trending Topics
NBA
Crossword
Disney
Harry Potter
Anime
Kpop
Marvel
The Office
Soccer
Pokémon
Puzzle
Song
WWE
NFL
Country
Your Account Isn't Verified!
In order to create a playlist on Sporcle, you need to verify the email address you used during registration. Go to your
Sporcle Settings
to finish the process.
Report this User
Report this user for behavior that violates our
Community Guidelines
.
Details:
Send Report
Go to the Sporcle.com Mobile Site →
Comments